000 00659nam a2200217Ia 4500
003 OSt
005 20250609153904.0
008 210210b2012 xxu||||| |||| 00| 0 eng d
040 _cAL
041 _aKannada
082 _a920K LAKM
100 _aLAKSHMANARAV (B R)
_dಲಕ್ಷ್ಮಣರಾವ್ (ಬಿ ಅರ್)
_9213614
245 _aManimale: vyaktichitragalu
_b ಮಣಿಮಾಲೆ: ವ್ಯಕ್ತಿಚಿತ್ರಗಳು
260 _aBengaLUru
_bAnkita Pustaka
_c2012
300 _a206
650 _avyaktichitragaLu
_9213615
650 _aMaNimAle:
_9213616
690 _aBiography
_9213617
906 _a067326
942 _2ddc
_cBK
999 _c149692
_d149692